| 000 | 00563nam a2200217 a 4500 | ||
|---|---|---|---|
| 001 | BRCA_6418 | ||
| 005 | 20190320205439.0 | ||
| 008 | 200911s1850----gw-#######---#000-0#ger-# | ||
| 041 | _ager | ||
| 044 | _agw | ||
| 050 | 4 |
_aPT1359 _b.P63 |
|
| 100 | 1 |
_aPötzl, Eduard _d1851-1914 _916041 |
|
| 245 | 1 | 0 |
_aWiener Humoresken _cvon Eduard Pötzl. |
| 260 |
_aLeipzig, Alemania _bPhilipp Reclam _c[1850] |
||
| 300 |
_a213 p. _c14 cm. |
||
| 500 | _aEdición con cantos dorados | ||
| 500 | _aL3 | ||
| 650 | 1 | 4 |
_aHumorismo alemán _96123 |
| 902 | _aGFM | ||
| 942 |
_2lcc _cB |
||
| 999 |
_c6103 _d6103 |
||